000 00872nam a22002657a 4500
001 6867
003 FISKH
005 20260305141800.0
008 250604b cb ||||| |||| 00| 0 eng d
020 _a9781740897983
040 _aFISKH
_beng
_cFISKH
_dFISKH
050 _aPZ7
082 _a629.45
100 _aCoupe, Robert
245 _aMoonwalk /
_cRobert Coupe
260 _aSydney :
_bWeldon Owen Publishing,
_c2008.
300 _a32 pages :
_bcolor illustrations ;
_c23 cm
505 _aR
520 _a"The first astronauts on the moon found it very hard to walk far. Later, they drove in moon buggies so they could see more. Learn more about the moon and space in this book!"--back cover.
521 8 _a720
_bLexile estimate
521 8 _aR
_bRaz-Plus
650 _aAstronauts
_vMoon
_xEducation
_ySpace
942 _2ddc
_cBK
_n0
999 _c6867
_d6867